[Event "Riga Tech op 11th"]
[Site "Riga"]
[Date "2022.08.15"]
[Round "1"]
[White "Levchenkov, Vitaly S"]
[Black "Blomqvist, Erik"]
[Result "1/2-1/2"]
[WhiteElo "2031"]
[BlackElo "2522"]
[PlyCount "102"]
[EventDate "2022.08.15"]
[EventType "swiss"]
[EventRounds "9"]
[EventCountry "LAT"]
[SourceTitle "CBM 209 Extra"]
[Source "ChessBase"]
[SourceDate "2022.09.30"]
[SourceVersion "1"]
[SourceVersionDate "2022.09.30"]
[SourceQuality "1"]

1. e4 c5 2. Nf3 e6 3. d4 cxd4 4. Nxd4 Nc6 5. Nc3 Qc7 6. Be2 a6 7. a3 b5 8. 0-0 Bb7 9. Be3 Rc8 10. Kh1 Na5 11. f4 Nc4 12. Bxc4 Qxc4 13. Qd3 Nf6 14. e5 Nd5 15. Qxc4 Rxc4 16. Nxd5 Bxd5 17. c3 Be7 18. Rad1 Be4 19. Rd2 h5 20. Ne2 h4 21. Kg1 h3 22. g3 f6 23. Rfd1 Bd5 24. exf6 gxf6 25. f5 Re4 26. Kf2 Bb3 27. fxe6 dxe6 28. Rd4 Bxd1 29. Rxe4 e5 30. Bb6 Kd7 31. Rg4 Ke6 32. Be3 Kf7 33. Rh4 Rxh4 34. gxh4 f5 35. h5 f4 36. Bb6 Bh4+ 37. Kf1 Kg7 38. Bc7 Bf6 39. Ke1 Bxe2 40. Kxe2 Kh6 41. b3 Kxh5 42. c4 bxc4 43. bxc4 Kg4 44. c5 e4 45. c6 f3+ 46. Kd1 e3 47. Bg3 e2+ 48. Kd2 Bg5+ 49. Ke1 Bf6 50. Kd2 Bg5+ 51. Ke1 Bf6 1/2-1/2

[Event "Riga Tech Rapid op"]
[Site "Riga"]
[Date "2022.08.14"]
[Round "6"]
[White "Levchenkov, Vitaly S"]
[Black "Carlsson, Ludvig"]
[Result "0-1"]
[WhiteElo "2031"]
[BlackElo "2387"]
[PlyCount "96"]
[EventDate "2022.08.14"]
[EventType "swiss (rapid)"]
[EventRounds "9"]
[EventCountry "LAT"]
[SourceTitle "CBM 209 Extra"]
[Source "ChessBase"]
[SourceDate "2022.09.30"]
[SourceVersion "1"]
[SourceVersionDate "2022.09.30"]
[SourceQuality "1"]

1. e4 c5 2. Nf3 Nc6 3. d4 cxd4 4. Nxd4 Nf6 5. Nc3 d6 6. Be2 g6 7. 0-0 Bg7 8. Be3 0-0 9. h3 Bd7 10. Qd2 a6 11. f4 b5 12. a3 Rc8 13. Nxc6 Bxc6 14. Bf3 Qc7 15. Rf2 a5 16. Rd1 b4 17. axb4 axb4 18. Nd5 Nxd5 19. exd5 Bd7 20. Bd4 Bxd4 21. Qxd4 Qc5 22. Qxc5 Rxc5 23. Re1 e6 24. dxe6 Bxe6 25. Rd1 d5 26. Rd4 Rc4 27. Rfd2 Rfc8 28. Bxd5 Rxd4 29. Rxd4 Rd8 30. Rxb4 Rxd5 31. c4 Rd4 32. b3 Rxf4 33. Rb8+ Kg7 34. c5 Bd5 35. b4 Rc4 36. g4 Kf6 37. Kf2 Ke5 38. Ke3 Rc3+ 39. Kd2 Kd4 40. Rd8 Rc4 41. Rb8 h6 42. h4 Ke5 43. g5 hxg5 44. hxg5 Kf5 45. Kd3 Kxg5 46. b5 Rc1 47. Kd4 Bg2 48. Ke5 Rxc5+ 0-1

[Event "Riga Tech Rapid op"]
[Site "Riga"]
[Date "2022.08.14"]
[Round "4"]
[White "Levchenkov, Vitaly S"]
[Black "Maklakova, Naomi"]
[Result "1/2-1/2"]
[WhiteElo "2031"]
[BlackElo "1510"]
[PlyCount "129"]
[EventDate "2022.08.14"]
[EventType "swiss (rapid)"]
[EventRounds "9"]
[EventCountry "LAT"]
[SourceTitle "CBM 209 Extra"]
[Source "ChessBase"]
[SourceDate "2022.09.30"]
[SourceVersion "1"]
[SourceVersionDate "2022.09.30"]
[SourceQuality "1"]

1. e4 e5 2. Nf3 Nc6 3. Bb5 a6 4. Ba4 d6 5. Bxc6+ bxc6 6. d4 exd4 7. Nxd4 Bb7 8. 0-0 Nf6 9. Re1 Be7 10. c4 0-0 11. Nc3 Re8 12. h3 Rb8 13. b3 h6 14. Qf3 Bf8 15. Nf5 d5 16. e5 d4 17. Bf4 c5 18. Qg3 Kh8 19. exf6 Qxf6 20. Bxc7 Rbc8 21. Nxh6 Qxh6 22. Nd5 Qc6 23. Qh4+ Kg8 24. Bg3 Rxe1+ 25. Rxe1 Re8 26. Re5 Rxe5 27. Bxe5 Qe6 28. Bf4 Bxd5 29. cxd5 Qxd5 30. Qg5 Qe4 31. Kh2 Qc2 32. Qd8 Qg6 33. Qd5 Qf6 34. g3 Qb6 35. h4 Qa5 36. a4 Qb6 37. h5 Qf6 38. Kg2 Qb6 39. g4 Qf6 40. Kg3 Be7 41. g5 Qb6 42. g6 Qf6 43. Kf3 Kf8 44. Qxf7+ Qxf7 45. gxf7 Kxf7 46. Ke4 Ke6 47. Bd2 Bf6 48. f4 Be7 49. f5+ Kd6 50. Bf4+ Kc6 51. Be5 Bf8 52. f6 gxf6 53. Bxf6 Bh6 54. Be5 Kd7 55. a5 Ke6 56. b4 cxb4 57. Bxd4 b3 58. Bb2 Bd2 59. Kd3 Bh6 60. Kc3 Kf5 61. Kxb3 Bd2 62. Bg7 Bxa5 63. h6 Kg6 64. Kc4 Bd2 65. Kc5 1/2-1/2

[Event "LAT-ch"]
[Site "Riga"]
[Date "2022.05.02"]
[Round "7"]
[White "Levchenkov, Vitaly S"]
[Black "Osis, Reinars"]
[Result "1/2-1/2"]
[WhiteElo "2076"]
[BlackElo "2098"]
[PlyCount "69"]
[EventDate "2022.04.27"]
[EventType "swiss"]
[EventRounds "9"]
[EventCountry "LAT"]
[SourceTitle "CBM 208 Extra"]
[Source "ChessBase"]
[SourceDate "2022.07.31"]
[SourceVersion "1"]
[SourceVersionDate "2022.07.31"]
[SourceQuality "1"]

1. e4 c6 2. d4 d5 3. Nc3 dxe4 4. Nxe4 Bf5 5. Ng3 Bg6 6. h4 h6 7. h5 Bh7 8. Nf3 Nf6 9. Bd3 e6 10. Bxh7 Nxh7 11. Qd3 Be7 12. Bd2 Nd7 13. 0-0-0 Qc7 14. Kb1 0-0-0 15. Qe2 Rhe8 16. Ne5 Nxe5 17. dxe5 f5 18. f4 Rd7 19. Be3 Red8 20. Rxd7 Rxd7 21. Rd1 c5 22. Rxd7 Qxd7 23. c4 Qc6 24. Kc1 Nf8 25. Nf1 a6 26. Nd2 b5 27. Qf3 Qxf3 28. Nxf3 g6 29. hxg6 Nxg6 30. g3 Kd7 31. b3 Kc6 32. Kc2 Nf8 33. Kd3 Bd8 34. Bd2 Nd7 35. Be1 1/2-1/2

[Event "Riga Shirov&Maskacha rapid"]
[Site "Riga"]
[Date "2020.01.09"]
[Round "6"]
[White "Levchenkov, Vitaly S"]
[Black "Kovalenko, Igor"]
[Result "0-1"]
[WhiteElo "2209"]
[BlackElo "2640"]
[PlyCount "66"]
[EventDate "2020.01.09"]
[EventType "swiss (rapid)"]
[EventRounds "9"]
[EventCountry "LAT"]
[SourceTitle "CBM 194 Extra"]
[Source "ChessBase"]
[SourceDate "2020.03.31"]
[SourceVersion "1"]
[SourceVersionDate "2020.03.31"]
[SourceQuality "1"]

1. e4 c5 2. c4 Nc6 3. Nf3 e5 4. Nc3 d6 5. h3 Nge7 6. d3 Ng6 7. g3 Be7 8. Bg2 h5 9. Nd5 h4 10. g4 Nf8 11. Nxe7 Nxe7 12. Bg5 Nfg6 13. Qd2 f6 14. Be3 Nc6 15. a3 Nd4 16. Bxd4 cxd4 17. 0-0-0 Nf4 18. Bf1 g5 19. Ne1 Rh7 20. Ng2 Ne6 21. Kb1 Rc7 22. Rc1 Bd7 23. Be2 Ke7 24. Bd1 a5 25. a4 Rc6 26. b3 Rb6 27. Ka2 Rb4 28. Ne1 Nc5 29. Rb1 Qb6 30. Qc1 Bxa4 31. bxa4 Nxa4 32. Rxb4 Nc3+ 33. Qxc3 axb4+ 0-1

[Event "Riga Shirov&Maskacha rapid"]
[Site "Riga"]
[Date "2020.01.09"]
[Round "8"]
[White "Levchenkov, Vitaly S"]
[Black "Shirov, Alexei"]
[Result "1-0"]
[WhiteElo "2209"]
[BlackElo "2677"]
[PlyCount "161"]
[EventDate "2020.01.09"]
[EventType "swiss (rapid)"]
[EventRounds "9"]
[EventCountry "LAT"]
[SourceTitle "CBM 194 Extra"]
[Source "ChessBase"]
[SourceDate "2020.03.31"]
[SourceVersion "1"]
[SourceVersionDate "2020.03.31"]
[SourceQuality "1"]

1. e4 c5 2. Nf3 Nc6 3. Bb5 g6 4. 0-0 Bg7 5. Bxc6 dxc6 6. d3 Nf6 7. Nc3 Bg4 8. h3 Bxf3 9. Qxf3 0-0 10. Qe2 e5 11. a4 Nd7 12. a5 Qe7 13. Kh1 Rfd8 14. f4 exf4 15. Bxf4 Nf8 16. Qf3 Ne6 17. Be3 b5 18. axb6 axb6 19. e5 Rxa1 20. Rxa1 Qc7 21. Bf4 Nxf4 22. Qxf4 Bxe5 23. Qf3 Kg7 24. Rf1 f5 25. Re1 Rd7 26. Ne2 Qd6 27. b3 Ra7 28. Ng1 Bc3 29. Rf1 Re7 30. Ne2 Bd2 31. Nf4 Qe5 32. Kg1 Qe3+ 33. Qxe3 Bxe3+ 34. Kh2 Ra7 35. Rf3 Bd4 36. Ne6+ Kf6 37. Nxd4 cxd4 38. Rf2 Re7 39. g3 Re3 40. Kg2 Ke5 41. h4 h6 42. Kh2 h5 43. Kg2 Kd5 44. b4 Re1 45. Kf3 Ke5 46. Kg2 Rb1 47. Re2+ Kf6 48. Re8 Rb2 49. Rc8 Rxc2+ 50. Kf3 Rc1 51. b5 Ke6 52. bxc6 Kd6 53. Rd8+ Kc7 54. Rxd4 Rxc6 55. Kf4 b5 56. Ke5 Kb6 57. Rb4 Ka5 58. Rb1 b4 59. d4 Rc3 60. Rd1 Kb6 61. d5 Kc7 62. Rd4 b3 63. d6+ Kd7 64. Rb4 Re3+ 65. Kd5 Rd3+ 66. Ke5 Kc6 67. Rc4+ Kb5 68. Rc8 Kb4 69. Ke6 b2 70. d7 Ka3 71. Ra8+ Kb3 72. d8Q Rxd8 73. Rxd8 b1Q 74. Rb8+ Kc2 75. Rxb1 Kxb1 76. Kf6 Kc2 77. Kxg6 Kd3 78. Kxf5 Ke3 79. g4 hxg4 80. Kxg4 Ke4 81. Kg5 1-0

[Event "LAT-ch"]
[Site "Riga"]
[Date "2019.05.01"]
[Round "4"]
[White "Levchenkov, Vitaly S"]
[Black "Ivanov, Igor4444"]
[Result "1-0"]
[WhiteElo "2166"]
[BlackElo "2131"]
[PlyCount "119"]
[EventDate "2019.04.29"]
[EventType "swiss"]
[EventRounds "9"]
[EventCountry "LAT"]
[SourceTitle "CBM 190 Extra"]
[Source "ChessBase"]
[SourceDate "2019.07.15"]
[SourceVersion "1"]
[SourceVersionDate "2019.07.15"]
[SourceQuality "1"]

1. e4 g6 2. d4 Bg7 3. Nf3 d6 4. Bc4 e6 5. h3 a6 6. Bb3 Ne7 7. Nc3 b6 8. Be3 Bb7 9. Qd2 h6 10. h4 Nd7 11. h5 g5 12. 0-0-0 Nf6 13. d5 e5 14. Ne1 Ng4 15. f3 Nxe3 16. Qxe3 f5 17. exf5 Nxf5 18. Qd3 0-0 19. Ne4 Nd4 20. c3 Nxb3+ 21. axb3 a5 22. Nc2 Qe7 23. Kb1 Bc8 24. Ne3 Bd7 25. Rdf1 Rf7 26. Rf2 Raf8 27. Rhf1 Bf5 28. Nxf5 Rxf5 29. g4 Rf4 30. Ng3 Qd7 31. Nf5 Ra8 32. Re1 Re8 33. Re4 Rxe4 34. Qxe4 Rf8 35. Re2 Qf7 36. Qa4 Qe8 37. Re4 Qd8 38. Rc4 Rf7 39. Rc6 Qd7 40. Qc4 Kh8 41. Kc2 Kg8 42. Kd3 Kh8 43. Ke4 Kh7 44. b4 axb4 45. Qxb4 Qe8 46. Qc4 Qb8 47. Qa6 b5 48. Qa5 Qb7 49. Ra6 Rd7 50. Ra7 Qb8 51. Ra8 Qb7 52. Qa7 Qxa7 53. Rxa7 Kg8 54. Rb7 Kf8 55. Rxb5 Rd8 56. Rb7 Rc8 57. b4 Bf6 58. Nxh6 Ke8 59. Nf5 Kf8 60. c4 1-0

[Event "LAT-ch"]
[Site "Riga"]
[Date "2019.04.29"]
[Round "1"]
[White "Bernotas, Arturs"]
[Black "Levchenkov, Vitaly S"]
[Result "1/2-1/2"]
[WhiteElo "2387"]
[BlackElo "2166"]
[PlyCount "53"]
[EventDate "2019.04.29"]
[EventType "swiss"]
[EventRounds "9"]
[EventCountry "LAT"]
[SourceTitle "CBM 190 Extra"]
[Source "ChessBase"]
[SourceDate "2019.07.15"]
[SourceVersion "1"]
[SourceVersionDate "2019.07.15"]
[SourceQuality "1"]

1. e4 c5 2. Nf3 Nc6 3. Bb5 g6 4. c3 Nf6 5. Qe2 Bg7 6. 0-0 0-0 7. Rd1 a6 8. Bxc6 bxc6 9. h3 a5 10. d4 Ba6 11. Qc2 d5 12. e5 Ne4 13. Ng5 Nxg5 14. Bxg5 c4 15. Nd2 Bc8 16. b3 Bf5 17. Qc1 Bd3 18. Qa3 f6 19. exf6 exf6 20. Bf4 Re8 21. Re1 Bf8 22. Qa4 cxb3 23. axb3 Bb5 24. Qa2 Rxe1+ 25. Rxe1 a4 26. Ra1 Ra6 27. Qb1 1/2-1/2

[Event "LAT-chT"]
[Site "Riga"]
[Date "2019.02.16"]
[Round "1.2"]
[White "Levchenkov, Vitaly S"]
[Black "Kengis, Edvins"]
[Result "1/2-1/2"]
[WhiteElo "2159"]
[BlackElo "2543"]
[PlyCount "86"]
[EventDate "2019.02.16"]
[EventType "team-tourn"]
[EventRounds "9"]
[EventCountry "LAT"]
[SourceTitle "CBM 189 Extra"]
[Source "ChessBase"]
[SourceDate "2019.06.03"]
[SourceVersion "1"]
[SourceVersionDate "2019.06.03"]
[SourceQuality "1"]
[WhiteTeam "The Royal Biograph"]
[BlackTeam "Riga Technical Univ"]
[WhiteTeamCountry "LAT"]
[BlackTeamCountry "LAT"]

1. e4 c5 2. Nf3 e6 3. d4 cxd4 4. Nxd4 a6 5. c4 Nf6 6. Bd3 Nc6 7. Be3 Bb4+ 8. Nc3 0-0 9. Nxc6 dxc6 10. e5 Nd7 11. f4 f5 12. 0-0 Bc5 13. Bf2 b5 14. Kh1 Rb8 15. b3 Qe7 16. Qe2 Bxf2 17. Rxf2 Nc5 18. Bc2 bxc4 19. Qxc4 a5 20. Qe2 Ba6 21. Qe3 Rfd8 22. Rd1 Rxd1+ 23. Nxd1 Rd8 24. Rd2 Rxd2 25. Qxd2 Qc7 26. a3 Nd7 27. b4 axb4 28. axb4 Nb6 29. Bb3 Nd5 30. Qd4 Kf7 31. Nc3 Qb6 32. Qxb6 Nxb6 33. Kg1 Ke7 34. Kf2 Bc4 35. Bxc4 Nxc4 36. Ke2 Nb6 37. Kd3 Nd5 38. Nxd5+ cxd5 39. Kd4 Kd7 40. Kc5 Kc7 41. Kb5 Kb7 42. Kc5 Kc7 43. Kb5 Kb7 1/2-1/2

[Event "LAT-chT"]
[Site "Riga"]
[Date "2018.12.16"]
[Round "10.6"]
[White "Bernotas, Arturs"]
[Black "Levchenkov, Vitaly S"]
[Result "1/2-1/2"]
[WhiteElo "2407"]
[BlackElo "2137"]
[PlyCount "115"]
[EventDate "2018.06.09"]
[EventType "team-tourn"]
[EventRounds "11"]
[EventCountry "LAT"]
[SourceTitle "CBM 189 Extra"]
[Source "ChessBase"]
[SourceDate "2019.06.03"]
[SourceVersion "1"]
[SourceVersionDate "2019.06.03"]
[SourceQuality "1"]
[WhiteTeam "Rigas Saha School"]
[BlackTeam "The Royal Biograph"]
[WhiteTeamCountry "LAT"]
[BlackTeamCountry "LAT"]

1. e4 c5 2. Nf3 d6 3. Bb5+ Bd7 4. Bxd7+ Qxd7 5. c4 Nc6 6. Nc3 g6 7. d4 cxd4 8. Nxd4 Nxd4 9. Qxd4 Nf6 10. h3 Bg7 11. Be3 0-0 12. Qd3 Rfc8 13. Rc1 Qe6 14. b3 Nd7 15. f3 Nc5 16. Qd2 f5 17. exf5 Qxf5 18. 0-0 Qd3 19. Rfd1 Qxd2 20. Rxd2 Bxc3 21. Rxc3 Kf7 22. Rd4 Ne6 23. Rh4 h5 24. Bd2 Rc6 25. g4 Rh8 26. f4 Rcc8 27. Kg2 hxg4 28. Rxh8 Rxh8 29. hxg4 Rh4 30. Rc1 a6 31. Kg3 Rh7 32. Bc3 g5 33. Bd2 gxf4+ 34. Bxf4 Nxf4 35. Kxf4 Rh2 36. c5 dxc5 37. Rxc5 Rxa2 38. Rc7 b5 39. Ra7 a5 40. Kf5 Rf2+ 41. Ke5 Rb2 42. Rxa5 Rxb3 43. Ra7 Rb1 44. Rb7 b4 45. g5 b3 46. Kd4 Rd1+ 47. Ke4 Rb1 48. Kd4 Ke6 49. g6 Rg1 50. Ke4 Rg3 51. Rb6+ Kd7 52. Kf4 Rg2 53. Rxb3 Rxg6 54. Rb7+ Ke8 55. Kf5 Rh6 56. Ke5 Kf7 57. Kf5 Re6 58. Ra7 1/2-1/2

[Event "LAT-ch"]
[Site "Riga"]
[Date "2018.05.04"]
[Round "7"]
[White "Levchenkov, Vitaly S"]
[Black "Sinauridze, Simons"]
[Result "1/2-1/2"]
[WhiteElo "2122"]
[BlackElo "2044"]
[PlyCount "46"]
[EventDate "2018.04.30"]
[EventType "swiss"]
[EventRounds "9"]
[EventCountry "LAT"]
[SourceTitle "CBM 184 Extra"]
[Source "ChessBase"]
[SourceDate "2018.06.28"]
[SourceVersion "1"]
[SourceVersionDate "2018.06.28"]
[SourceQuality "1"]

1. e4 d5 2. exd5 Nf6 3. c4 c6 4. d4 cxd5 5. Nc3 e6 6. Bg5 Be7 7. Nf3 Nc6 8. a3 0-0 9. Bd3 dxc4 10. Bxc4 Nd5 11. Bxe7 Ncxe7 12. 0-0 b6 13. Ne5 Bb7 14. Qd2 Rc8 15. Ba2 Ng6 16. Nxg6 hxg6 17. Rac1 Nxc3 18. Rxc3 Rxc3 19. bxc3 Qd6 20. Qb2 Rd8 21. Rd1 Qf4 22. Qe2 Qd6 23. Qb2 Qf4 1/2-1/2

[Event "LAT-ch"]
[Site "Riga"]
[Date "2018.05.03"]
[Round "5"]
[White "Levchenkov, Vitaly S"]
[Black "Tokranovs, Dmitrijs"]
[Result "1/2-1/2"]
[WhiteElo "2122"]
[BlackElo "2337"]
[PlyCount "145"]
[EventDate "2018.04.30"]
[EventType "swiss"]
[EventRounds "9"]
[EventCountry "LAT"]
[SourceTitle "CBM 184 Extra"]
[Source "ChessBase"]
[SourceDate "2018.06.28"]
[SourceVersion "1"]
[SourceVersionDate "2018.06.28"]
[SourceQuality "1"]

1. e4 e5 2. Nf3 Nc6 3. Bb5 Bc5 4. 0-0 Nd4 5. Nxd4 Bxd4 6. c3 Bb6 7. d4 c6 8. Ba4 d6 9. dxe5 dxe5 10. Qxd8+ Bxd8 11. Be3 Nf6 12. f3 b5 13. Bb3 Bb6 14. Bxb6 axb6 15. Rd1 Ke7 16. Na3 Be6 17. Bxe6 Kxe6 18. Nc2 Rhd8 19. a3 Ne8 20. Nb4 Rxd1+ 21. Rxd1 Rc8 22. Nc2 Nd6 23. Ne3 g6 24. g4 f6 25. Kf2 Rh8 26. Rg1 Nb7 27. b4 Ra8 28. Ra1 Nd6 29. Ke2 f5 30. gxf5+ gxf5 31. exf5+ Nxf5 32. Nxf5 Kxf5 33. Ke3 Ra4 34. Ra2 c5 35. Ra1 c4 36. h4 Ra7 37. Rg1 Rxa3 38. Rg5+ Kf6 39. Ke4 Rxc3 40. Rf5+ Ke6 41. Rxe5+ Kd6 42. Rxb5 Kc6 43. Rh5 Rb3 44. Rxh7 Kb5 45. h5 Rb1 46. h6 Rh1 47. Rh8 Kxb4 48. h7 b5 49. f4 c3 50. f5 c2 51. Rc8 Kb3 52. Kd3 Rh3+ 53. Kd2 b4 54. Rxc2 Rxh7 55. Rc6 Ka2 56. Rb6 b3 57. Ke3 Rh4 58. f6 b2 59. f7 Rh8 60. Kd4 Rf8 61. Ra6+ Kb3 62. Rb6+ Kc2 63. Rc6+ Kb3 64. Rb6+ Ka2 65. Ra6+ Kb1 66. Ra7 Rb8 67. Rb7 Ra8 68. Ke5 Ka1 69. Ke6 b1Q 70. Rxb1+ Kxb1 71. Ke7 Ra7+ 72. Kf6 Rxf7+ 73. Kxf7 1/2-1/2

[Event "LAT-ch"]
[Site "Riga"]
[Date "2014.05.01"]
[Round "4"]
[White "Levchenkov, Vitaly S"]
[Black "Jankovskis, Guntis"]
[Result "1/2-1/2"]
[WhiteElo "2255"]
[BlackElo "2302"]
[PlyCount "34"]
[EventDate "2014.04.29"]
[EventType "swiss"]
[EventRounds "9"]
[EventCountry "LAT"]
[SourceTitle "CBM 160 Extra"]
[Source "ChessBase"]
[SourceDate "2014.07.01"]
[SourceVersion "1"]
[SourceVersionDate "2014.07.01"]
[SourceQuality "1"]

1. e4 d5 2. exd5 Qxd5 3. Nc3 Qd6 4. d4 Nf6 5. Be3 a6 6. Qd2 Nc6 7. 0-0-0 Bf5 8. Bd3 Bxd3 9. Qxd3 e6 10. a3 Be7 11. Nf3 0-0-0 12. Ng5 Rdf8 13. Nge4 Nxe4 14. Nxe4 Qd7 15. d5 exd5 16. Qxd5 Qxd5 17. Rxd5 Rd8 1/2-1/2

[Event "EU-ch Seniors 12th"]
[Site "Kaunas"]
[Date "2012.08.22"]
[Round "5"]
[White "Levchenkov, Vitaly S"]
[Black "Berkovich, Mark A"]
[Result "0-1"]
[WhiteElo "2278"]
[BlackElo "2366"]
[PlyCount "48"]
[EventDate "2012.08.18"]
[EventType "swiss"]
[EventRounds "9"]
[EventCountry "LTU"]
[SourceTitle "CBM 150 Extra"]
[Source "ChessBase"]
[SourceDate "2012.10.19"]
[SourceVersion "1"]
[SourceVersionDate "2012.10.19"]
[SourceQuality "1"]

1. e4 c5 2. Nf3 Nc6 3. d4 cxd4 4. Nxd4 e5 5. Nb5 d6 6. N1c3 a6 7. Na3 b5 8. Nd5 Nge7 9. c4 Nxd5 10. exd5 Nd4 11. cxb5 Bd7 12. bxa6 Qa5+ 13. Bd2 Qxd5 14. f3 Be7 15. Kf2 Nf5 16. Nc2 Qc5+ 17. Ne3 Bg5 18. Qe1 0-0 19. Bd3 Qd4 20. Qe2 d5 21. b3 e4 22. fxe4 dxe4 23. Bc4 Nxe3 24. Bxe3 Qf6+ 0-1

[Event "Minsk op"]
[Site "Minsk"]
[Date "1996.??.??"]
[Round "1"]
[White "Litvinov, Vladimir"]
[Black "Levchenkov, Vitaly S"]
[Result "1-0"]
[WhiteElo "2370"]
[BlackElo "2300"]
[PlyCount "103"]
[EventDate "1996.??.??"]
[EventType "swiss"]
[EventRounds "9"]
[EventCountry "BLR"]
[SourceTitle "EXT 2000"]
[Source "ChessBase"]
[SourceDate "1999.11.16"]
[SourceVersion "1"]
[SourceVersionDate "1999.11.16"]
[SourceQuality "1"]

1. d4 Nf6 2. c4 g6 3. Nc3 d5 4. Nf3 Bg7 5. Bg5 Ne4 6. cxd5 Nxg5 7. Nxg5 e6 8. Nf3 exd5 9. e3 0-0 10. b4 b6 11. Rc1 Bb7 12. Be2 c6 13. 0-0 Qd6 14. Qb3 Nd7 15. Rfd1 a6 16. a4 b5 17. a5 Nf6 18. Ne5 Ne8 19. Nd3 Qe7 20. Nc5 Nd6 21. Bf3 Nc4 22. Rc2 f5 23. Re2 Rae8 24. Nb1 Qc7 25. Nd2 Rf7 26. Nxc4 bxc4 27. Qa4 Rfe7 28. g3 Kh8 29. Qc2 Bc8 30. Bg2 Bh6 31. Qc3 Kg8 32. Rde1 Kf8 33. Kh1 Qb8 34. f3 f4 35. e4 fxg3 36. f4 Bxf4 37. Rf1 Rf7 38. hxg3 Bxg3 39. Rxf7+ Kxf7 40. e5 Bf4 41. Qf3 g5 42. Qh5+ Kf8 43. Qh6+ Kg8 44. Qxc6 Rf8 45. Bxd5+ Kg7 46. Nd7 Qxb4 47. Nxf8 Qxf8 48. Qc7+ Kh8 49. Qd6 Qxd6 50. exd6 Bg4 51. Re8+ Kg7 52. d7 1-0

[Event "Riga op"]
[Site "Riga"]
[Date "1995.??.??"]
[Round "?"]
[White "Gipslis, Aivars P"]
[Black "Levchenkov, Vitaly S"]
[Result "1-0"]
[WhiteElo "2480"]
[BlackElo "2310"]
[PlyCount "52"]
[EventDate "1995.??.??"]
[EventType "swiss"]
[EventRounds "9"]
[EventCountry "LAT"]
[SourceTitle "EXT 1997"]
[Source "ChessBase"]
[SourceDate "1996.11.15"]
[SourceVersion "1"]
[SourceVersionDate "1996.11.15"]
[SourceQuality "1"]

1. e4 c5 2. Nf3 g6 3. c3 Bg7 4. d4 Qc7 5. Na3 b6 6. Bc4 cxd4 7. Qb3 Nh6 8. Bxh6 Bxh6 9. Bxf7+ Kf8 10. Nb5 Qf4 11. Bd5 Nc6 12. Nbxd4 Bb7 13. 0-0 Kg7 14. Bxc6 Bxc6 15. Nxc6 dxc6 16. Nd4 Qxe4 17. Rae1 Qd5 18. Rxe7+ Kf6 19. Re6+ Kf7 20. Rxc6 Qxb3 21. Rc7+ Kf6 22. axb3 Bf4 23. Rb7 h5 24. g3 Bd6 25. Re1 Rhe8 26. Rxe8 Rxe8 1-0

[Event "Andorra op 12th"]
[Site "Andorra"]
[Date "1994.??.??"]
[Round "4"]
[White "Levchenkov, Vitaly S"]
[Black "Lupu, Mircea Sergiu"]
[Result "0-1"]
[WhiteElo "2305"]
[BlackElo "2430"]
[PlyCount "68"]
[EventDate "1994.06.??"]
[EventType "swiss"]
[EventRounds "9"]
[EventCountry "AND"]
[SourceTitle "TD"]
[Source "ChessBase"]
[SourceDate "1994.03.01"]
[SourceVersion "1"]
[SourceVersionDate "1994.03.01"]
[SourceQuality "1"]

1. e4 e6 2. d4 d5 3. Nd2 a6 4. Bd3 c5 5. dxc5 Bxc5 6. Ngf3 Nf6 7. exd5 exd5 8. Nb3 Be7 9. 0-0 Bg4 10. h3 Bh5 11. Nbd4 0-0 12. Re1 Bc5 13. Be3 Nbd7 14. c3 Re8 15. Nf5 Qb6 16. Rb1 Bxe3 17. Rxe3 Rxe3 18. Nxe3 Ne5 19. g4 Nxd3 20. Qxd3 Bg6 21. Nf5 Re8 22. N3d4 h5 23. Qg3 Ne4 24. Qe3 Nf6 25. Qg3 Ne4 26. Qe3 Qf6 27. Qf4 Bxf5 28. Qxf5 Qh4 29. Kg2 Re5 30. Qc8+ Kh7 31. Rf1 hxg4 32. hxg4 Rg5 33. Kf3 Nd2+ 34. Kg2 Nxf1 0-1

[Event "EU-Cup 10th Group6"]
[Site "Lubniewice"]
[Date "1994.??.??"]
[Round "2"]
[White "Levchenkov, Vitaly S"]
[Black "Salokangas, Hannu"]
[Result "1/2-1/2"]
[WhiteElo "2310"]
[BlackElo "2290"]
[PlyCount "38"]
[EventDate "1994.??.??"]
[EventType "team-k.o."]
[EventRounds "3"]
[EventCountry "POL"]
[SourceTitle "EXT 2020"]
[Source "ChessBase"]
[SourceDate "2019.10.17"]
[SourceVersion "1"]
[SourceVersionDate "2019.10.17"]
[SourceQuality "1"]
[WhiteTeam "Riga VEF"]
[BlackTeam "Tampere Taraus"]
[WhiteTeamCountry "LAT"]
[BlackTeamCountry "FIN"]

1. e4 c5 2. Nf3 Nc6 3. Bb5 g6 4. 0-0 Bg7 5. c3 Nf6 6. Re1 0-0 7. d4 cxd4 8. cxd4 d5 9. e5 Ne4 10. Bxc6 bxc6 11. Nc3 c5 12. dxc5 Nxc3 13. bxc3 Qc7 14. Be3 Bg4 15. Bd4 e6 16. h3 Bxf3 17. Qxf3 Rfd8 18. Rab1 Bf8 19. Qe3 Rdc8 1/2-1/2

[Event "FRA-ch op FIDE"]
[Site "Paris"]
[Date "1994.??.??"]
[Round "1"]
[White "Roeder, Mathias"]
[Black "Levchenkov, Vitaly S"]
[Result "1/2-1/2"]
[WhiteElo "2435"]
[BlackElo "2305"]
[PlyCount "105"]
[EventDate "1994.??.??"]
[EventType "swiss"]
[EventRounds "9"]
[EventCountry "FRA"]
[SourceTitle "EXT 1998"]
[Source "ChessBase"]
[SourceDate "1997.11.17"]
[SourceVersion "1"]
[SourceVersionDate "1997.11.17"]
[SourceQuality "1"]

1. d4 Nf6 2. c4 g6 3. Nc3 d5 4. Bf4 Bg7 5. e3 c5 6. dxc5 Qa5 7. Rc1 Ne4 8. Nge2 dxc4 9. Qa4+ Qxa4 10. Nxa4 Nc6 11. Rxc4 f5 12. Rc1 Be6 13. Nec3 g5 14. Bc7 Rc8 15. Nxe4 fxe4 16. Bg3 Nb4 17. Bc4 Bxc4 18. Rxc4 Nd3+ 19. Ke2 b5 20. Rxe4 Nxf2 21. Kxf2 bxa4 22. Rc1 Bxb2 23. Rc2 a3 24. Ke2 Rc6 25. Bd6 Bf6 26. Be5 Rf8 27. Bxf6 Rfxf6 28. Ra4 Ra6 29. Rg4 h6 30. Rb4 Rfc6 31. Kd3 Kd7 32. Rb8 Kc7 33. Rb3 Rf6 34. Kd4 Rf1 35. c6 Rxc6 36. Rxc6+ Kxc6 37. Rxa3 Kb6 38. Rb3+ Kc6 39. Rc3+ Kb6 40. Kd5 Rd1+ 41. Ke6 Rd2 42. g4 Rxh2 43. Kxe7 Rxa2 44. Kf6 Ra4 45. Kf5 Ra1 46. e4 Rf1+ 47. Kg6 Rf4 48. e5 Re4 49. Kf6 Rf4+ 50. Kg7 Re4 51. Kf6 Rf4+ 52. Kg7 Re4 53. Kf6 1/2-1/2

[Event "FRA-ch op FIDE"]
[Site "Paris"]
[Date "1994.??.??"]
[Round "5"]
[White "Trommsdorf, Fro"]
[Black "Levchenkov, Vitaly S"]
[Result "0-1"]
[WhiteElo "2175"]
[BlackElo "2305"]
[PlyCount "56"]
[EventDate "1994.??.??"]
[EventType "swiss"]
[EventRounds "9"]
[EventCountry "FRA"]
[SourceTitle "EXT 1998"]
[Source "ChessBase"]
[SourceDate "1997.11.17"]
[SourceVersion "1"]
[SourceVersionDate "1997.11.17"]
[SourceQuality "1"]

1. d4 Nf6 2. Bg5 Ne4 3. Bf4 d5 4. e3 c5 5. f3 Nf6 6. c3 e6 7. Bd3 Nc6 8. Ne2 Nh5 9. 0-0 Nxf4 10. Nxf4 Bd6 11. Ne2 e5 12. f4 exd4 13. exd4 c4 14. Bc2 0-0 15. Nd2 Re8 16. Ng3 Re3 17. Qh5 g6 18. Qxd5 Be6 19. Qg5 Be7 20. Qh6 Bf8 21. Qg5 f6 22. Qh4 Nxd4 23. f5 Nxc2 24. fxe6 Nxa1 25. Nde4 Be7 26. Qg4 Kh8 27. Rxa1 f5 28. Qf4 Qb6 0-1